|
|
|
|
| LEADER |
00000nam a2200000 a 4500 |
| 005 |
2013101000330.0 |
| 007 |
cr cn||||||||| |
| 008 |
201212r2008 ck |||||s|||||||||||spa d |
| 020 |
|
|
|a 9789586485630
|
| 035 |
|
|
|a 11569
|
| 040 |
|
|
|a FlNmELB
|c FlNmELB
|d BUS
|d vLex
|
| 082 |
0 |
4 |
|a 658
|2 22
|
| 090 |
|
|
|c 4547
|d 4547
|
| 100 |
1 |
|
|a Mora Garca̕, Luis Anb̕al.
|
| 245 |
1 |
0 |
|a Indicadores de la gestin̤ logs̕tica
|h [Recurso electrn̤ico] /
|c Luis Anb̕al Mora.
|
| 250 |
|
|
|a 2a. ed.
|
| 256 |
|
|
|a Servicio en ln̕ea.
|
| 260 |
|
|
|a Bogot ̀:
|b Ecoe,
|c 2008.
|
| 300 |
|
|
|a 136 p.
|
| 506 |
1 |
|
|a Contenido solo disponible en los productos indicados
|d vLex Global
|d vLex Global (Academic Edition, excluding Law Schools)
|d vLex Global (U.S. Academic Edition, Law Schools)
|d vLex Global (U.S. Academic Edition, excluding Law Schools)
|d vLex Global (Academic Edition, Law Schools)
|
| 650 |
0 |
4 |
|a Empresas
|v dirccin̤ y administracin̤
|z Colombia
|
| 740 |
0 |
|
|a vLex Libros (Servicio en ln̕ea)
|
| 856 |
4 |
0 |
|u http://vlex.com/source/indicadores-la-gestion-logistica-11569
|z Acceso restringido
|
| 942 |
|
|
|c BOOK
|
| 999 |
0 |
|
|a Industrial management
|